MDQL
is popping MORE tags! Check the
thread
!
Quizzes
Events
Quiz Creation
Community
Videos
Private Events
Remove Ads
Sign In
Join for FREE
Feedback
Dark Mode
Quiz Categories
Sports
Geography
Music
Movies
Television
Just For Fun
Miscellaneous
History
Literature
Language
Science
Gaming
Entertainment
Religion
Holiday
For Kids
Quiz Lab
Recent
Popular Today
Quiz Kudos Today
Editor Picks
Curator Picks
Quizzes by...
Day
Popularity
Type
Ratings
Length
Year
Community
Subscriptions
Recent Discussions
Orange Saloon
Badges
Playlists
Quests
Create
Leaderboards
Showdown
Live 5
Trivia Bingo
Activity
Puzzle Library
Sporcle Events
Private Events
Virtual Trivia
Globe League
Become a Host
Pub Owners
SporcleCon
Opinionation
Our Games
Videos
Blog
Mobile Apps
Partnerships
Remove Ads and Go Orange
Feedback
Movies
Disney
Marvel Cinematic Universe
Movie Resume
Movie Titles
Oscar
Actor
Actress
Director
Pixar
Role
Movie Quotes
Movie Characters
Box Office
Nominee
Best Picture
Star Wars
James Bond
Horror Movies
Movies
Disney
Marvel Cinematic Universe
Movie Resume
Movie Titles
Oscar
Actor
Actress
Director
Pixar
Role
Movie Quotes
Movie Characters
Box Office
Nominee
Best Picture
Star Wars
James Bond
Horror Movies
Random Quiz
Search Sporcle
×
Quiz Lab
Quiz Lab
Movies
Lyrics
Type in answers that appear in a list
Type in answers that appear in a list
Classic
Best Score? Go Orange.
Spirit: Stallion of the Cimarron Lyrics 1 Stats
Can you name the Spirit: Stallion of the Cimarron Lyrics?
By
emzoe
10m
127 Questions
373 Plays
373 Plays
373 Plays
Comments
Comments
Give Quiz Kudos
Give Quiz Kudos
-
- Ratings
hide this ad
More Info
Replay
Link that replays current quiz
Next Quiz
Link to next quiz in quiz playlist
You Got
0%
They Got
Avg Score
66%
Avg Friend Score
Upgrade to see
Score Distribution
Jump to the score distribution portion of the page
Score
0/127
Timer
10:00
0
Plays Today
Answer
% Correct
Here
89.3%
Here
89.3%
Here
89.3%
Here
89.3%
here
89.3%
here
89.3%
Here
89.3%
Here
89.3%
Here
89.3%
am
87.1%
am
87.1%
am
87.1%
am
87.1%
am
87.1%
am
87.1%
this
86.3%
this
86.3%
this
86.3%
is
85.8%
is
85.8%
is
85.8%
I
85.5%
I
85.5%
I
85.5%
I
85.5%
I
85.5%
I
85.5%
me
85.3%
me
85.3%
me
85.3%
and
82.8%
And
82.8%
a
82.8%
a
82.8%
the
82.8%
a
82.8%
a
82.8%
And
82.8%
the
82.8%
And
82.8%
the
82.8%
be
78.6%
you
77.2%
Answer
% Correct
you
77.2%
you
77.2%
where
73.2%
where
73.2%
where
73.2%
it's
70.8%
It's
70.8%
world
70.8%
it's
70.8%
It's
70.8%
It's
70.8%
it's
70.8%
world
70.8%
new
70.5%
new
70.5%
new
70.5%
new
70.5%
new
70.5%
to
69.2%
come
67.8%
of
67.8%
come
67.8%
no
67.3%
young
66.8%
we
66.5%
we
66.5%
we
66.5%
we
66.5%
start
66.2%
beating
64.9%
for
64.6%
There's
64.3%
there's
64.3%
day
63.3%
in
62.7%
in
62.7%
rather
62.5%
on
62.2%
waiting
61.9%
I'd
61.4%
with
61.1%
just
60.9%
just
60.9%
Answer
% Correct
else
60.6%
earth
59.8%
belong
59.8%
hearts
57.9%
alive
57.6%
place
56.3%
are
55.2%
are
55.2%
our
53.1%
our
53.1%
our
53.1%
true
52.8%
dreams
52.5%
Right
52.3%
I've
52%
make
51.7%
strong
51.5%
tonight
48.8%
all
47.7%
all
47.7%
plan
47.5%
been
46.9%
time
45.6%
time
45.6%
begun
45%
has
44.2%
we've
44%
after
42.1%
goin'
40.2%
still
38.3%
I'm
36.5%
brand
34%
Now
26.8%
next
26%
way
25.5%
suddenly
24.9%
nothin
24.4%
standin
21.7%
gonna
20.9%
stay
20.4%
Ya
18.5%
Quiz Playlist
Details
Report
Send in Message
Add To Playlist
More Info:
Try to figure out the lyrics to a random spirit song.
Classic:
Type in answers that appear in a list
Last Updated: Feb 16, 2017
Quiz Scoreboard
CHALLENGE
Sign Up to Join the Scoreboard
Show All
Scores
Hide
Comments
May contain spoilers
Recently Published
Holiday 10x10 Sorting Gallery
by lukepisani3
Holiday
15m
Two Season TV Shows II
by 123Four
Television
10m
Image Sorting: Flags VI
by Barbecue
Geography
2m
More to Explore
Quiz From the Vault
Featured Blog Post
14 Easter Pick-up Lines to Find Eggs With
hide this ad
You Might Also Like...
Tags
Lyrics Quiz
spirit
Today's Top Quizzes in Movies
Browse Movies
hide this ad
Today's Top Quizzes in Lyrics
Browse Lyrics
Top Contributed Quizzes in Movies
1
The ultimate James Bond movie quiz
2
Find The 'Big' Movie
3
Find The 'Wild' Movie
4
Find The 'Blue' Movie
5
Movies By Plot
6
Hidden Star Wars Character II
7
25 Best Actor Nominees (1990s)
8
Hidden Star Wars Character III
9
😉 2024 Oscar Nominees by Emoji
10
Hidden Star Wars Character IV
Explore More
Trending Topics
Kpop
Marvel
NBA
Disney
Harry Potter
Anime
Crossword
Soccer
Pokémon
NFL
Country
Puzzle
The Office
WWE
Song
hide this ad
More By:
emzoe
Quiz
Plays
Rating
Category
Featured
Created
Once Upon A Time Henry's Family
2,415
2.33
Television
May 28, 2014
Figure out the Lyrics (Christian Song)
404
4.75
Religion
Mar 28, 2016
Spirit: Stallion of the Cimarron Lyrics 1
373
4.50
Movies
Feb 12, 2015
Spirit: Stallion of the Cimarron Lyrics 2
279
3.50
Movies
Feb 12, 2015
Karen Kingsbury books
33
Literature
Nov 26, 2014
Go to Creator's Profile
Score Distribution
Quiz Creator Spotlight
emzoe
Follow
Send a Message
Quizzes Created
-
Created Quiz Play Count
-
More By This Creator
Popular Quizzes Today
1
Find the US States - No Outlines Minefield
2
Colored Red Africa Blitz
3
Find the 'City' Movie
4
The Countries of the World
5
Find the US States
6
5x2 Blitz: Bands
7
Find the Countries of Europe - No Outlines Minefield
8
US States
More Movies Quizzes
Longest Answer: James Bond Films
Curator's Pick
Trending Quizzes
Colored Red Europe Blitz I
Colored Red Europe Blitz II
Colored Red Africa Blitz II
Colored Red Europe Blitz III
Colored Red Africa Blitz III
Recently Updated
Odd Team Out - Big 4 Players
pecheneg
Quick Pick: 20 Twenties
pecheneg
March Madness Men's Triple Doubles
pecheneg
How Do You Spell That?
pecheneg
Godzilla Movies
pecheneg
Grab Bag: 4-10 Letters
pecheneg
2024 March Madness Bracket
pecheneg
Famous TV Couples
Peacemaker
Champions League XIs: Real Madrid
pecheneg
Largest US Cities 1790-2010
pecheneg
Trending Topics
NBA
Harry Potter
Crossword
Anime
Disney
Kpop
Marvel
WWE
Song
Pokémon
The Office
NFL
Puzzle
Country
Soccer
Your Account Isn't Verified!
In order to create a playlist on Sporcle, you need to verify the email address you used during registration. Go to your
Sporcle Settings
to finish the process.
Report this User
Report this user for behavior that violates our
Community Guidelines
.
Details:
Send Report
Go to the Sporcle.com Mobile Site →
Comments